• 首页
  • 本馆介绍
  • 公告通知
  • 最新文献
  • 馆藏检索
  • 电子资源
  • 读者导购
  • 参考咨询
  • 我的图书馆
  • 登录
  • 详细信息显示
  • 放入我的书架
  • 预约/预借图书
  • 作者相关作品
  • 分类相关作品
  • 丛书相关作品
  • 出版社相关作品

书目信息

  • 表格格式
  • 工作单格式
  • 卡片格式
题名:
虚拟现实半月通
    
 
作者: 美J.E. 著 ;石洋生 译
分册:  
出版信息:   电子工业出版社  1994.12
页数: 121页
开本: 16开
丛书名:
单 册:
中图分类: TP38
科图分类:
主题词: 电子计算机--各种
电子资源:
ISBN: 7-5053-2790-9
000 00566nam0 2200205 45
001 0308271046
005 20030827105626.5
010    @a7-5053-2790-9@dRMB15.00
100    @a20030827d1994 km y0chiy0120 ea
101    @achi
105    @a z 000yy
200 1  @a虚拟现实半月通@Axu ni xian shi ban yue tong@f[美]J.E.著@F[mei]J.E.zhu@g石洋生译
210    @c电子工业出版社@d1994.12
215    @a121页@c无图表@d16开
606 0  @a电子计算机@x各种
690    @aTP38@v3
701  0 @a美J.E.@4著
702  0 @a石洋生@4译
801    @aCN@b@c20030827
905    @aBZT@dTP38@e1
    
    虚拟现实半月通/[美]J.E.著/石洋生译.-电子工业出版社,1994.12
    121页:无图表;16开
    
    
    ISBN 7-5053-2790-9:RMB15.00
    
●
相关链接 在五车中查询图书 在当当中查询图书 在豆瓣中查询图书


正题名:虚拟现实半月通     索取号:TP38/1         预约/预借

序号 登录号 条形码 馆藏地/架位号 状态 备注
1 85680   200048475   中心书库中库/ 中库027架A面6列1层52/ [索取号:TP38/1] 在馆    
2 85681   200048448   中心书库中库/ 中库027架A面6列1层51/ [索取号:TP38/1] 在馆    
山东省滨州职业学院图书馆 欢迎您!
大连网信软件有限公司© 版权所有